[Event "Torneo A"]
[Site "Locri ITA"]
[Date "2014.04.18"]
[Round "6"]
[White "Carbone, Edoardo"]
[Black "Carbone, Stefano"]
[WhiteElo "1901"]
[BlackElo "2085"]
[Result "0-1"]
[PlyCount "102"]
[EventDate "2014.04.16"]

1. Nf3 Nf6 2. c4 g6 3. b3 Bg7 4. Bb2 c6 5. g3 d5 6. Bg2 O-O 7. O-O a5 8. d3 Na6
9. Nbd2 a4 10. Bc3 Bg4 11. b4 dxc4 12. Nxc4 Nc7 13. a3 Nb5 14. Bb2 Bxf3 15.
Bxf3 Nd4 16. Bxd4 Qxd4 17. e3 Qd8 18. d4 Nd5 19. Rc1 Re8 20. Qe2 Nc7 21. Rfd1
Nb5 22. Rd3 e6 23. Rcd1 Qc7 24. Qc2 Red8 25. Kg2 e5 26. Nxe5 Bxe5 27. dxe5 Rxd3
28. Qxd3 Qxe5 29. Qd7 Rb8 30. Rd2 Kf8 31. h4 Qe7 32. Qxe7+ Kxe7 33. Bd1 Rd8 34.
Rxd8 Kxd8 35. Bxa4 Nxa3 36. Kf3 Ke7 37. Ke4 Nc4 38. Kd4 Nb6 39. Bc2 Kd6 40. e4
Nd7 41. Bd1 b6 42. Be2 c5+ 43. bxc5+ bxc5+ 44. Kc3 Nb6 45. Bb5 Ke5 46. Kd3 h6
47. f3 g5 48. hxg5 hxg5 49. Bc6 f6 50. g4 Kf4 51. Ke2 Nc4 0-1

[Event "Torneo A"]
[Site "Locri ITA"]
[Date "2014.04.18"]
[Round "6"]
[White "Fracasso Pezzolato, Michele"]
[Black "Valotta, Massimiliano"]
[WhiteElo "1830"]
[BlackElo "1849"]
[Result "0-1"]
[PlyCount "62"]
[EventDate "2014.04.16"]

1. e4 d6 2. d4 g6 3. Nf3 Bg7 4. Nc3 Nf6 5. Be3 O-O 6. Be2 Nbd7 7. Qd2 Ng4 8.
Bg5 c5 9. O-O h6 10. Bh4 cxd4 11. Nxd4 Ngf6 12. Rad1 Nc5 13. f3 Qb6 14. Bf2
Qxb2 15. Rb1 Qa3 16. Ncb5 Qa4 17. Nc7 Rb8 18. Bb5 Qa3 19. Rfe1 a6 20. Bc4 Nfd7
21. Re3 Qa4 22. Bb3 Qxd4 23. Rd3 Qe5 24. Bd4 Qh5 25. g4 Bxd4+ 26. Rxd4 Nxb3 27.
cxb3 Qh3 28. Rf1 Ne5 29. Qf2 Be6 30. Nd5 Bxd5 31. exd5 Rbc8 0-1

[Event "Torneo A"]
[Site "Locri ITA"]
[Date "2014.04.18"]
[Round "6"]
[White "Iannello, Andrea"]
[Black "Bentivegna, Francesco"]
[WhiteElo "1876"]
[BlackElo "2282"]
[Result "0-1"]
[PlyCount "126"]
[EventDate "2014.04.16"]

1. e4 Nc6 2. c4 e5 3. Nc3 Bc5 4. d3 d6 5. Be3 Bxe3 6. fxe3 Nge7 7. g3 O-O 8.
Bg2 a6 9. Nge2 Bd7 10. O-O Ng6 11. Qd2 Nce7 12. Rf2 b5 13. b3 bxc4 14. bxc4 Rb8
15. Rff1 c5 16. Rab1 Qc7 17. Qc2 Rb4 18. a3 Rbb8 19. Rxb8 Rxb8 20. Rb1 Nf8 21.
Rb3 h6 22. Qb1 Rxb3 23. Qxb3 Nh7 24. Na4 Nf6 25. Qb6 Qxb6 26. Nxb6 Be6 27. h3
Kf8 28. Kf2 Ke8 29. Nc3 Kd8 30. Nbd5 Nfxd5 31. Nxd5 Nxd5 32. cxd5 Bd7 33. Ke2
Kc7 34. Kd2 Kb6 35. Kc3 Ka5 36. Kb3 Ba4+ 37. Ka2 Bd1 38. Bf1 Bf3 39. g4 g5 40.
Kb3 f6 41. Kb2 Ka4 42. Ka2 Ka5 43. Kb2 h5 44. gxh5 Bxh5 45. Kc3 Bf3 46. Kb3
Bd1+ 47. Kc3 Ka4 48. Kb2 Bf3 49. Ka2 Kb5 50. Kb3 c4+ 51. dxc4+ Kb6 52. Kc3 Bxe4
53. Kd2 Kc5 54. Bd3 Bg2 55. Bf5 Bf1 56. Kc3 Bxc4 57. e4 a5 58. Bg4 Bf1 59. Bf5
Be2 60. Bh7 Bh5 61. Bf5 Be8 62. Be6 Bg6 63. Bg4 Bxe4 0-1

[Event "Torneo A"]
[Site "Locri ITA"]
[Date "2014.04.18"]
[Round "6"]
[White "Iannello, Antonio"]
[Black "Arnetta, Maria Teresa"]
[WhiteElo "1888"]
[BlackElo "1998"]
[Result "0-1"]
[PlyCount "160"]
[EventDate "2014.04.16"]

1. e4 Nc6 2. d4 d5 3. Nc3 e5 4. exd5 Nxd4 5. Be3 Nf5 6. Qf3 Ngh6 7. Be2 Be7 8.
Qe4 Nxe3 9. Qxe3 O-O 10. Nf3 Bf5 11. O-O Bxc2 12. Nxe5 Re8 13. Qd2 Bf5 14. Nf3
a6 15. Nd4 Bg6 16. Bd3 Bd6 17. Nf3 Qf6 18. Bxg6 Qxg6 19. Rfe1 Ng4 20. h3 Ne5
21. Nxe5 Bxe5 22. Rad1 h6 23. Re2 Bd6 24. Rde1 Rxe2 25. Rxe2 Rd8 26. Qd4 Qg5
27. Qe3 Qxe3 28. Rxe3 Kf8 29. Kf1 Bf4 30. Re2 f6 31. g3 Be5 32. Rc2 Ke7 33. Ke2
Bxc3 34. Rxc3 Kd6 35. Re3 Rd7 36. Kd2 Kxd5 37. Kc2 Kc6 38. Rc3+ Kb6 39. Rb3+
Ka7 40. Re3 b6 41. Re8 Kb7 42. Re6 a5 43. h4 Ka6 44. Re8 Kb5 45. Re4 Kc5 46.
Re3 Kd6 47. Kd2 Re7 48. Rd3+ Ke6 49. Rc3 Kf5 50. Rc4 g5 51. f3 Kg6 52. a3 c5
53. a4 Re6 54. Kd3 f5 55. hxg5 hxg5 56. Kd2 Rd6+ 57. Ke2 Kf6 58. Ke3 Rd1 59.
Ke2 Rb1 60. Rc2 Ke6 61. Rd2 Rg1 62. Kf2 Rh1 63. Kg2 Ra1 64. b3 Rc1 65. Kf2 Rc3
66. Rb2 Kd5 67. Ke2 Kc6 68. Kf2 b5 69. g4 fxg4 70. fxg4 bxa4 71. bxa4 Ra3 72.
Rb8 Rxa4 73. Kf3 Rb4 74. Rc8+ Kb5 75. Rb8+ Kc4 76. Ra8 a4 77. Ke4 Kb3+ 78. Kf5
a3 79. Kxg5 a2 80. Kf5 Ra4 0-1

[Event "Torneo A"]
[Site "Locri ITA"]
[Date "2014.04.18"]
[Round "6"]
[White "Inkiov, Ventzislav V."]
[Black "Lazic, Miroljub"]
[WhiteElo "2427"]
[BlackElo "2466"]
[Result "1/2-1/2"]
[PlyCount "23"]
[EventDate "2014.04.16"]

1. d4 d5 2. c4 c6 3. cxd5 cxd5 4. Nc3 Nf6 5. Nf3 Nc6 6. Bf4 Bf5 7. e3 e6 8. Bd3
Bxd3 9. Qxd3 Bd6 10. Bxd6 Qxd6 11. O-O O-O 12. Rfe1 1/2-1/2

[Event "Torneo A"]
[Site "Locri ITA"]
[Date "2014.04.18"]
[Round "6"]
[White "Luvera', Filippo"]
[Black "Guccione, Cristoforo"]
[WhiteElo "1895"]
[BlackElo "1800"]
[Result "0-1"]
[PlyCount "112"]
[EventDate "2014.04.16"]

1. e4 d5 2. exd5 Nf6 3. Nc3 Nxd5 4. Nxd5 Qxd5 5. Qf3 Qxf3 6. Nxf3 Nc6 7. Bb5
Bd7 8. O-O e6 9. c3 Bd6 10. d4 O-O 11. Be3 Rfe8 12. Rfe1 Rad8 13. Rad1 Ne7 14.
Bxd7 Rxd7 15. Ne5 Bxe5 16. dxe5 Red8 17. Rxd7 Rxd7 18. Kf1 Rd5 19. f4 a6 20.
Ke2 Kf8 21. c4 Rd7 22. Rd1 Rxd1 23. Kxd1 Ke8 24. Kd2 Nf5 25. g4 Nh4 26. Ke2 Kd7
27. Kf2 Kc6 28. Kg3 Ng6 29. Kf3 b5 30. cxb5+ Kxb5 31. Ke4 Kc4 32. Bd2 Ne7 33.
b3+ Kc5 34. a3 Nd5 35. f5 Kb5 36. h4 c5 37. g5 c4 38. bxc4+ Kxc4 39. h5 exf5+
40. Kxf5 Ne7+ 41. Ke4 Kb3 42. Bb4 Nc6 43. Bf8 g6 44. h6 Kc4 45. Bd6 Nd8 46. Bf8
Ne6 47. Be7 a5 48. Bf6 Nc5+ 49. Ke3 Kd5 50. Be7 Nd7 51. Bf6 Nxf6 52. exf6 Ke5
53. Kd3 Kf5 54. Kc4 Kxg5 55. Kb5 Kxh6 56. Kxa5 g5 0-1

[Event "Torneo A"]
[Site "Locri ITA"]
[Date "2014.04.18"]
[Round "6"]
[White "Mrdja, Milan"]
[Black "Laketic, Gojko"]
[WhiteElo "2378"]
[BlackElo "2428"]
[Result "1/2-1/2"]
[PlyCount "21"]
[EventDate "2014.04.16"]

1. e4 e5 2. Nf3 Nc6 3. Bb5 a6 4. Ba4 Nf6 5. O-O Be7 6. Re1 b5 7. Bb3 d6 8. c3
O-O 9. h3 Rb8 10. d4 Bd7 11. c4 1/2-1/2

[Event "Torneo A"]
[Site "Locri ITA"]
[Date "2014.04.17"]
[Round "6"]
[White "Nobile, Stefano"]
[Black "Cordi', Domenico"]
[WhiteElo "1807"]
[BlackElo "1993"]
[Result "0-1"]
[PlyCount "138"]
[EventDate "2014.04.16"]

1. g3 g6 2. Bg2 Bg7 3. Nf3 c5 4. d3 Nc6 5. O-O d5 6. Nbd2 e6 7. e4 Nge7 8. c3
O-O 9. Nh4 b6 10. Ndf3 Ba6 11. Re1 h6 12. Bf1 dxe4 13. dxe4 Bxf1 14. Rxf1 Qc8
15. Qc2 Rd8 16. Be3 Qa6 17. a3 Qd3 18. Qxd3 Rxd3 19. Rfd1 Rad8 20. Rxd3 Rxd3
21. Ne1 Rd8 22. Nhf3 Na5 23. Nd2 Nec6 24. f4 f5 25. e5 c4 26. Kf2 Bf8 27. Ke2
Nb8 28. Rd1 Na6 29. Nc2 Kf7 30. Nb4 Nc5 31. Nf3 Rxd1 32. Kxd1 Na4 33. Kc2 Bc5
34. Bd4 Ke8 35. Nd2 Kd7 36. Na6 Be7 37. Nb4 Nc5 38. Be3 g5 39. Bd4 g4 40. Be3
h5 41. Bd4 b5 42. Be3 Kc8 43. Bd4 Kb7 44. Be3 Nab3 45. Na2 a5 46. Nc1 Nxc1 47.
Kxc1 Kc6 48. Bg1 Kd5 49. Nf1 a4 50. Kc2 Nd3 51. Kd2 Nxb2 52. Ne3+ Ke4 53. Nc2
Kd5 54. Bb6 Nd3 55. Ba7 Nc5 56. Nb4+ Ke4 57. Nc6 Nb3+ 58. Ke2 Bxa3 59. Nb8 Kd5
60. Nd7 Be7 61. Nf6+ Kc6 62. Nxh5 a3 63. Ng7 Kd7 64. h4 gxh3 65. g4 fxg4 66. f5
exf5 67. e6+ Kd6 68. Bb8+ Kd5 69. Nxf5 Kxe6 0-1

[Event "Torneo A"]
[Site "Locri ITA"]
[Date "2014.08.18"]
[Round "6"]
[White "Rossi, Aldo A."]
[Black "Varriale, Luca"]
[WhiteElo "2260"]
[BlackElo "1927"]
[Result "1/2-1/2"]
[PlyCount "48"]
[EventDate "2014.04.16"]

1. e4 c6 2. Nc3 d5 3. Qf3 dxe4 4. Nxe4 Nd7 5. d4 Ndf6 6. c3 Bg4 7. Nxf6+ Nxf6
8. Qe3 e6 9. Be2 Bxe2 10. Nxe2 Qc7 11. Qg3 Qxg3 12. hxg3 c5 13. Bg5 Nd5 14.
dxc5 Bxc5 15. Nf4 Nxf4 16. Bxf4 Rd8 17. Ke2 Ke7 18. Rad1 Rxd1 19. Rxd1 Rd8 20.
Rxd8 Kxd8 21. Be3 Bxe3 22. Kxe3 Kd7 23. Kd4 Kd6 24. f4 f6 1/2-1/2

[Event "Torneo A"]
[Site "Locri ITA"]
[Date "2014.04.18"]
[Round "6"]
[White "Tricomi, Massimo"]
[Black "Violi, Vincenzo"]
[WhiteElo "1883"]
[BlackElo "1859"]
[Result "1-0"]
[PlyCount "55"]
[EventDate "2014.04.16"]

1. b3 b6 2. Bb2 Bb7 3. e3 e6 4. Nf3 f5 5. d4 Nf6 6. Nbd2 Be7 7. Bd3 O-O 8. Qe2
c5 9. c4 cxd4 10. exd4 Nh5 11. Qe3 Na6 12. a3 Nc7 13. O-O Bf6 14. Be2 g6 15.
Rfe1 Bg7 16. Ne5 d6 17. Nd3 Nf6 18. Bf3 Bxf3 19. Nxf3 Nd7 20. Rad1 Qe7 21. Re2
Qf7 22. Ng5 f4 23. Nxf7 fxe3 24. Nxd6 exf2+ 25. Rxf2 Bh6 26. Kf1 Rxf2+ 27. Kxf2
Rf8+ 28. Ke2 1-0

[Event "Torneo A"]
[Site "Locri ITA"]
[Date "2014.04.18"]
[Round "6"]
[White "Valguarnera, Girolamo"]
[Black "Familari, Giuseppe"]
[WhiteElo "2068"]
[BlackElo "1971"]
[Result "1-0"]
[PlyCount "83"]
[EventDate "2014.04.16"]

1. e4 e6 2. b3 b6 3. Bb2 Bb7 4. d3 c5 5. Nf3 Nc6 6. Be2 d5 7. Nbd2 Nf6 8. e5
Nd7 9. O-O Qc7 10. a4 a5 11. Re1 Be7 12. d4 g5 13. dxc5 bxc5 14. Nb1 O-O-O 15.
Na3 Qb8 16. Bb5 Rhg8 17. Qe2 g4 18. Nd2 Nd4 19. Bxd4 cxd4 20. Bxd7+ Rxd7 21.
Nb5 Ba6 22. Qd3 Bc5 23. c3 Bxb5 24. axb5 dxc3 25. Qxc3 Rc7 26. Qxa5 g3 27. hxg3
Rxg3 28. Nf3 Rg4 29. Ra4 h5 30. Rea1 Kd7 31. Qd2 Qxb5 32. Rf4 Rg7 33. b4 Bb6
34. Rh4 Rc4 35. Rf4 Rxf4 36. Qxf4 Qe2 37. Ne1 Qg4 38. Qf6 h4 39. Ra6 Qe2 40.
Rxb6 Qxe1+ 41. Kh2 Rh7 42. Rd6+ 1-0

[Event "Torneo A"]
[Site "Locri ITA"]
[Date "2014.04.18"]
[Round "6"]
[White "Voiska, Margarita"]
[Black "Varvaglione, Antonio"]
[WhiteElo "2288"]
[BlackElo "2057"]
[Result "1-0"]
[PlyCount "75"]
[EventDate "2014.04.16"]

1. Nf3 Nf6 2. c4 c5 3. b3 g6 4. Bb2 Bg7 5. g3 O-O 6. Bg2 Nc6 7. Nc3 e6 8. O-O
d5 9. Na4 b6 10. cxd5 exd5 11. d4 Ne4 12. Rc1 Ba6 13. dxc5 Bxb2 14. Nxb2 bxc5
15. Nd3 Re8 16. Re1 Qa5 17. Nxc5 Nc3 18. b4 Qxc5 19. bxc5 Nxd1 20. Rexd1 Bc4
21. Nd4 Nxd4 22. Rxd4 Bxa2 23. e3 Red8 24. Rd2 Bb3 25. Rc3 Ba4 26. Bxd5 Rac8
27. e4 Bc6 28. g4 Kg7 29. g5 h6 30. h4 hxg5 31. hxg5 a5 32. f4 f5 33. gxf6+
Kxf6 34. Kf2 g5 35. fxg5+ Kxg5 36. Ke3 a4 37. Rg2+ Kf6 38. Kd4 1-0

[Event "Torneo A"]
[Site "Locri ITA"]
[Date "2014.04.18"]
[Round "7"]
[White "Bentivegna, Francesco"]
[Black "Mrdja, Milan"]
[WhiteElo "2282"]
[BlackElo "2378"]
[Result "1/2-1/2"]
[PlyCount "41"]
[EventDate "2014.04.16"]

1. e4 c6 2. d4 d5 3. Nd2 dxe4 4. Nxe4 Bf5 5. Ng3 Bg6 6. Nh3 Nf6 7. Bc4 e6 8.
O-O Bd6 9. f4 O-O 10. f5 exf5 11. Nxf5 Nd5 12. Bb3 Bc7 13. Qf3 Bxf5 14. Qxf5
Qd6 15. g3 Na6 16. c3 Rae8 17. Bxd5 Qxd5 18. Qxd5 cxd5 19. Bf4 Bxf4 20. Nxf4
Nc7 21. Rae1 1/2-1/2

[Event "Torneo A"]
[Site "Locri ITA"]
[Date "2014.04.19"]
[Round "7"]
[White "Carbone, Stefano"]
[Black "Inkiov, Ventzislav V."]
[WhiteElo "2085"]
[BlackElo "2427"]
[Result "1/2-1/2"]
[PlyCount "184"]
[EventDate "2014.04.16"]

1. Nf3 d5 2. g3 c5 3. Bg2 Nc6 4. d4 e6 5. O-O Nf6 6. c4 dxc4 7. Qa4 Bd7 8. dxc5
Na5 9. Qc2 Bxc5 10. Ne5 Rc8 11. Bg5 Qc7 12. Bxf6 gxf6 13. Nxd7 Qxd7 14. Rd1 Qc7
15. Qa4+ Ke7 16. Nc3 Rhd8 17. Ne4 f5 18. Rxd8 Rxd8 19. Nxc5 Qxc5 20. b4 cxb3
21. axb3 Qc3 22. Qa3+ Kf6 23. Rc1 Qe5 24. Bf3 Nc6 25. e3 Qb5 26. Rc5 Qd3 27.
Qa1+ Kg6 28. h4 f6 29. Bxc6 bxc6 30. Rxc6 Qxb3 31. Rc1 Rd7 32. Qa6 Rd1+ 33.
Rxd1 Qxd1+ 34. Kg2 Qd7 35. Kf1 e5 36. Kg2 f4 37. exf4 exf4 38. Kf3 fxg3 39.
fxg3 Qd4 40. Qa2 Kg7 41. Qe6 Qc3+ 42. Kg2 Qc7 43. Qg4+ Kf8 44. Qf5 Qc6+ 45. Kf1
a5 46. Kf2 a4 47. Qxh7 Qc5+ 48. Kg2 a3 49. Qh8+ Kf7 50. Qh7+ Ke6 51. Qe4+ Qe5
52. Qc6+ Qd6 53. Qe4+ Kd7 54. Qb7+ Ke8 55. Qe4+ Kf8 56. Qa8+ Kg7 57. Qa7+ Kg6
58. Qa8 Qd2+ 59. Kh3 a2 60. Qg8+ Kf5 61. Qh7+ Ke6 62. Qg8+ Ke5 63. Qe8+ Kf5 64.
Qh5+ Ke4 65. Qe8+ Kd4 66. Qd8+ Kc3 67. Qxf6+ Qd4 68. Qc6+ Qc4 69. Qf6+ Qd4 70.
Qc6+ Kb4 71. Qb7+ Ka3 72. Qa6+ Qa4 73. Qd3+ Kb2 74. Qd2+ Qc2 75. Qb4+ Qb3 76.
Qd2+ Kb1 77. Qe1+ Kc2 78. Qe2+ Kc3 79. Qe3+ Kb4 80. Qb6+ Kc4 81. Qe6+ Kc3 82.
Qe3+ Kc2 83. Qe2+ Kb1 84. Qe1+ Kb2 85. Qd2+ Qc2 86. Qb4+ Kc1 87. Qe1+ Qd1 88.
Qc3+ Kb1 89. Qb4+ Ka1 90. Qc3+ Kb1 91. Qb4+ Ka1 92. Qc3+ Kb1 1/2-1/2

[Event "Torneo A"]
[Site "Locri ITA"]
[Date "2014.04.19"]
[Round "7"]
[White "Familari, Giuseppe"]
[Black "Iannello, Antonio"]
[WhiteElo "1971"]
[BlackElo "1888"]
[Result "1-0"]
[PlyCount "57"]
[EventDate "2014.04.16"]

1. e4 c5 2. c3 g6 3. Bc4 Qc7 4. Nf3 Bg7 5. O-O e6 6. Qe2 Nc6 7. d4 cxd4 8. Rd1
d3 9. Bxd3 Nge7 10. Na3 a6 11. Bg5 O-O 12. Nc4 d5 13. Ne3 dxe4 14. Bxe4 e5 15.
Nd5 Nxd5 16. Bxd5 Ne7 17. Bb3 Bf5 18. Rd2 Rad8 19. Rad1 h6 20. Bh4 g5 21. Bg3
Rxd2 22. Rxd2 Nc6 23. h4 Qe7 24. hxg5 hxg5 25. Bd5 a5 26. Qb5 e4 27. Re2 Re8
28. Bxc6 bxc6 29. Qxf5 1-0

[Event "Torneo A"]
[Site "Locri ITA"]
[Date "2014.04.19"]
[Round "7"]
[White "Gangemi, Salvatore"]
[Black "Carbone, Edoardo"]
[WhiteElo "2101"]
[BlackElo "1901"]
[Result "0-1"]
[PlyCount "84"]
[EventDate "2014.04.16"]

1. Nf3 d5 2. d4 Nf6 3. Bg5 Nbd7 4. c4 e6 5. cxd5 exd5 6. Nc3 Be7 7. e3 O-O 8.
Bd3 c6 9. O-O h6 10. Bh4 Ne4 11. Bxe7 Qxe7 12. Rc1 f5 13. Qe2 Re8 14. Nd2 Ndf6
15. Rce1 Qd6 16. f3 Nxc3 17. bxc3 c5 18. Qf2 cxd4 19. cxd4 Bd7 20. Nb3 b6 21.
Rc1 a5 22. Rfe1 a4 23. Nd2 Rac8 24. Nf1 Qa3 25. Qd2 b5 26. Rb1 b4 27. Ba6 Ra8
28. Be2 Rab8 29. Qb2 Qxb2 30. Rxb2 a3 31. Rc2 Rec8 32. Rec1 Rxc2 33. Rxc2 b3
34. axb3 Rxb3 35. Kf2 Ba4 36. Nd2 Rxe3 37. Rc8+ Re8 38. Rc3 a2 39. Ra3 Bc6 40.
Rxa2 f4 41. Ra6 Rxe2+ 42. Kxe2 Bb5+ 0-1

[Event "Torneo A"]
[Site "Locri ITA"]
[Date "2014.04.19"]
[Round "7"]
[White "Guccione, Cristoforo"]
[Black "Iannello, Andrea"]
[WhiteElo "1800"]
[BlackElo "1876"]
[Result "1/2-1/2"]
[PlyCount "46"]
[EventDate "2014.04.16"]

1. c4 e5 2. g3 d6 3. Bg2 g6 4. Nc3 Bg7 5. d3 f5 6. e4 c6 7. Nge2 Nf6 8. O-O O-O
9. d4 Qe7 10. Re1 Be6 11. d5 Bd7 12. f4 Nxe4 13. Nxe4 fxe4 14. fxe5 Bxe5 15.
Nf4 c5 16. Bxe4 Qf6 17. Nd3 Bd4+ 18. Kg2 h5 19. Bh6 Bg4 20. Qd2 Bf3+ 21. Bxf3
Qxf3+ 22. Kh3 Qg4+ 23. Kg2 Qf3+ 1/2-1/2

[Event "Torneo A"]
[Site "Locri ITA"]
[Date "2014.04.19"]
[Round "7"]
[White "Lazic, Miroljub"]
[Black "Laketic, Gojko"]
[WhiteElo "2466"]
[BlackElo "2428"]
[Result "1/2-1/2"]
[PlyCount "80"]
[EventDate "2014.04.16"]

1. e4 e6 2. d4 d5 3. Nd2 Nf6 4. e5 Nfd7 5. c3 b6 6. Nh3 c5 7. Nf4 Nc6 8. Nf3
Qc7 9. Be2 Bb7 10. O-O Be7 11. a3 O-O 12. Re1 Rfd8 13. h4 a5 14. h5 h6 15. Nh3
Nf8 16. Bf4 Ba6 17. Bxa6 Rxa6 18. Nh2 Nh7 19. Re3 Raa8 20. Ng4 Kh8 21. Rf3 Bf8
22. Bg3 Rdc8 23. Bh4 Qd7 24. Rf4 Qe8 25. Qd3 cxd4 26. cxd4 Be7 27. Bxe7 Nxe7
28. Qf3 Nf5 29. Ne3 Nxe3 30. fxe3 Ra7 31. Rf1 Rcc7 32. Rf2 Rc1+ 33. Kh2 Rcc7
34. Qg3 Qd8 35. Rg4 Qf8 36. Qh4 Rc8 37. Rgf4 Qe8 38. Qg4 Rcc7 39. Qh4 Qg8 40.
g4 Qe8 1/2-1/2

[Event "Torneo A"]
[Site "Locri ITA"]
[Date "2014.04.19"]
[Round "7"]
[White "Valguarnera, Girolamo"]
[Black "Rossi, Aldo A."]
[WhiteElo "2068"]
[BlackElo "2260"]
[Result "1/2-1/2"]
[PlyCount "76"]
[EventDate "2014.04.16"]

1. e4 c5 2. Nf3 Nc6 3. d4 cxd4 4. Nxd4 Nf6 5. Nc3 e5 6. Ndb5 d6 7. Nd5 Nxd5 8.
exd5 Nb8 9. c4 Be7 10. Be2 O-O 11. O-O a6 12. Nc3 f5 13. Rb1 a5 14. a3 Na6 15.
Kh1 Bd7 16. f3 Nc5 17. b4 axb4 18. axb4 Na4 19. Nxa4 Bxa4 20. Qd3 Be8 21. Be3
f4 22. Bg1 Bg6 23. Qb3 Bxb1 24. Qxb1 b6 25. Bd3 h6 26. Qe1 Rf6 27. Qe4 g6 28.
Bf2 h5 29. b5 Kf7 30. Qe2 Qc7 31. Bh4 g5 32. Bf2 Ke8 33. Bg1 Ra7 34. Re1 Kd7
35. Qc2 Kc8 36. Rc1 Bd8 37. Bf5+ Kb8 38. Be4 Kc8 1/2-1/2

[Event "Torneo A"]
[Site "Locri ITA"]
[Date "2014.04.19"]
[Round "7"]
[White "Valotta, Massimiliano"]
[Black "Nobile, Stefano"]
[WhiteElo "1849"]
[BlackElo "1807"]
[Result "1/2-1/2"]
[PlyCount "109"]
[EventDate "2014.04.16"]

1. d4 Nf6 2. c4 e6 3. Nf3 Bb4+ 4. Bd2 a5 5. a3 Be7 6. Nc3 d5 7. cxd5 exd5 8. e3
O-O 9. Bd3 Bg4 10. Qc2 Bxf3 11. gxf3 c5 12. Ne2 Nbd7 13. Rc1 Rc8 14. Qb1 c4 15.
Bf5 b5 16. h4 g6 17. Bxd7 Nxd7 18. h5 b4 19. axb4 axb4 20. hxg6 fxg6 21. f4 Qb6
22. Ng3 Qe6 23. f5 Qf6 24. Ke2 c3 25. bxc3 bxc3 26. Rxc3 Rxc3 27. Bxc3 Bd6 28.
Qb7 Qf7 29. f4 g5 30. f6 Qe6 31. f5 Qf7 32. Nh5 Ne5 33. Qxf7+ Nxf7 34. Rb1 Rc8
35. Kd3 Rb8 36. Rxb8+ Bxb8 37. e4 dxe4+ 38. Kxe4 Nd6+ 39. Kf3 Kf7 40. Kg4 h6
41. d5 Ne4 42. Bd4 Bd6 43. Kf3 Nd2+ 44. Ke3 Nb3 45. Bb6 Nc5 46. Kd4 Nd7 47. Bd8
Ke8 48. Be7 Bxe7 49. fxe7 Kxe7 50. Ke4 Nf6+ 51. Nxf6 Kxf6 52. d6 h5 53. Kf3 Kf7
54. Kg3 Kf6 55. Kh3 1/2-1/2

[Event "Torneo A"]
[Site "Locri ITA"]
[Date "2014.04.19"]
[Round "7"]
[White "Varriale, Luca"]
[Black "Voiska, Margarita"]
[WhiteElo "1927"]
[BlackElo "2288"]
[Result "0-1"]
[PlyCount "126"]
[EventDate "2014.04.16"]

1. d4 g6 2. e4 Bg7 3. Nf3 c6 4. Nc3 d5 5. Be3 Nh6 6. Be2 dxe4 7. Nxe4 Nf5 8.
O-O O-O 9. Qd2 Nxe3 10. Qxe3 Qb6 11. Rab1 Bf5 12. Bd3 Bg4 13. c3 Nd7 14. Rfe1
Rad8 15. Bc2 e5 16. dxe5 Qxe3 17. Rxe3 Nxe5 18. Nxe5 Bxe5 19. f3 Bc8 20. Ree1
Kg7 21. Rbd1 Bc7 22. Rxd8 Rxd8 23. Rd1 Rxd1+ 24. Bxd1 f5 25. Nd2 Kf6 26. g3 g5
27. Kf2 a5 28. h3 b5 29. Bc2 a4 30. a3 h6 31. Nf1 Bb6+ 32. Ke2 Ke5 33. Bd3 Be6
34. Nd2 Bc5 35. Bc2 Kf6 36. Bd3 Ke5 37. Bc2 Bd5 38. Bd3 Kf6 39. Bc2 Bd6 40. Kf2
h5 41. Bd3 Be5 42. Nf1 Be6 43. Be2 b4 44. axb4 Bxc3 45. Bd1 Bd4+ 46. Kg2 Bb3
47. Bxb3 axb3 48. Nd2 Bxb2 49. Nxb3 Bc3 50. Kf2 Bxb4 51. Ke3 Ke5 52. Nc1 Bc5+
53. Kd3 Bf2 54. Ne2 c5 55. f4+ Kf6 56. Kc4 g4 57. h4 Ke6 58. Kd3 Kd5 59. Nc3+
Kc6 60. Ne2 Be1 61. Kc4 Kd6 62. Kd3 Kd5 63. Ke3 c4 0-1

[Event "Torneo A"]
[Site "Locri ITA"]
[Date "2014.04.19"]
[Round "7"]
[White "Varvaglione, Antonio"]
[Black "Cordi', Domenico"]
[WhiteElo "2057"]
[BlackElo "1993"]
[Result "1-0"]
[PlyCount "77"]
[EventDate "2014.04.16"]

1. e4 c5 2. c3 d5 3. exd5 Qxd5 4. d4 Nf6 5. Nf3 Nc6 6. Be2 cxd4 7. cxd4 e6 8.
O-O Be7 9. Be3 O-O 10. Nc3 Qd6 11. h3 b6 12. a3 Bb7 13. Rc1 Rac8 14. b4 Rfd8
15. Qd2 h6 16. Rfd1 Bf8 17. Bf4 Qe7 18. Qe3 a5 19. d5 exd5 20. Qxb6 axb4 21.
Re1 Qd7 22. axb4 Bxb4 23. Bb5 d4 24. Ne5 Qf5 25. Bxc6 Bxc3 26. Qxb7 Rf8 27.
Rxc3 dxc3 28. Qb4 c2 29. g4 Qe6 30. Qa4 Rfd8 31. Qxc2 Rd6 32. Rc1 g5 33. Nxf7
Rdxc6 34. Qg6+ Kf8 35. Bd6+ Ke8 36. Ne5+ Kd8 37. Nxc6+ Kd7 38. Be5 Nd5 39. Nb8+
1-0

[Event "Torneo A"]
[Site "Locri ITA"]
[Date "2014.04.19"]
[Round "7"]
[White "Violi, Vincenzo"]
[Black "Fracasso Pezzolato, Michele"]
[WhiteElo "1859"]
[BlackElo "1830"]
[Result "1/2-1/2"]
[PlyCount "112"]
[EventDate "2014.04.16"]

1. e4 c5 2. Nf3 d6 3. d4 cxd4 4. Nxd4 Nf6 5. Nc3 a6 6. g3 e6 7. Bg2 Be7 8. O-O
Nbd7 9. Re1 O-O 10. g4 h6 11. f4 Nh7 12. Kh1 g5 13. Nf3 b5 14. e5 dxe5 15. fxg5
Bb7 16. gxh6 Ng5 17. Nxe5 Bxg2+ 18. Kxg2 Nxe5 19. Qxd8 Rfxd8 20. Rxe5 Nh7 21.
Re1 Rac8 22. Re2 Rc4 23. Ne4 Nf6 24. Bg5 Rxe4 25. Rxe4 Nxe4 26. Bxe7 Rd7 27.
Re1 f5 28. Bb4 Kh7 29. gxf5 exf5 30. Rf1 Rd5 31. Kf3 Kxh6 32. Rg1 Ng5+ 33. Ke2
f4 34. Rg4 Rd4 35. Bf8+ Kh5 36. Rg1 f3+ 37. Ke1 Ne4 38. Rf1 Rd2 39. Rxf3 Rxc2
40. Bg7 Rxh2 41. Ra3 Nc5 42. Bd4 Na4 43. b3 Rh3 44. Kd2 Kg4 45. Be3 Rh2+ 46.
Kd3 Nb2+ 47. Kd4 Kf3 48. Bc1 Rh4+ 49. Kc3 Nd1+ 50. Kc2 Ne3+ 51. Kd3 Nd5 52. Bd2
Nc7 53. Ba5 Nd5 54. Bd8 Nb4+ 55. Kc3 Nd5+ 56. Kd3 Nb4+ 1/2-1/2

[Event "XXXI Open Eporediese"]
[Site "Ivrea ITA"]
[Date "2014.01.30"]
[Round "1"]
[White "Barocelli, Carlo"]
[Black "Giachino, Adriano"]
[WhiteElo "1947"]
[BlackElo "1567"]
[Result "1-0"]
[PlyCount "57"]
[EventDate "2014.01.30"]

1. d4 d5 2. Nf3 g6 3. c4 c6 4. Nc3 Bg7 5. e3 Bf5 6. Qb3 Nf6 7. Qxb7 Nbd7 8.
Qxc6 O-O 9. c5 e6 10. Be2 Re8 11. O-O Rc8 12. Qa4 Qc7 13. Bd2 e5 14. Nb5 Qc6
15. Qa3 Rb8 16. Nd6 Re7 17. b4 Bg4 18. b5 Qc7 19. Ba5 Nb6 20. Rac1 e4 21. cxb6
Qd8 22. bxa7 Ra8 23. Bxd8 Rexa7 24. Qxa7 Rxa7 25. Rc8 Bxc8 26. Nxc8 Rxa2 27.
Re1 exf3 28. Bxf3 Ra8 29. Rc1 1-0

[Event "XXXI Open Eporediese"]
[Site "Ivrea ITA"]
[Date "2014.01.30"]
[Round "1"]
[White "Bellotti, Giuseppe"]
[Black "Grosso, Giacomo"]
[WhiteElo "1717"]
[BlackElo "1346"]
[Result "1-0"]
[PlyCount "97"]
[EventDate "2014.01.30"]

1. e4 c5 2. Nf3 d6 3. d4 cxd4 4. Nxd4 Nf6 5. Nc3 a6 6. Bc4 e6 7. Bb3 b5 8. O-O
Be7 9. f4 Qb6 10. Kh1 O-O 11. f5 e5 12. Nde2 Nbd7 13. Ng3 Bb7 14. Qe2 Rac8 15.
Be3 Qc7 16. Rad1 Nc5 17. Bxc5 Qxc5 18. Nh5 b4 19. Nxf6+ Bxf6 20. Nd5 Bxd5 21.
Rxd5 Qc6 22. Rfd1 Rcd8 23. Qd2 Be7 24. Qxb4 Rb8 25. Qd2 Rbd8 26. c3 a5 27. Qe2
a4 28. Bc4 Rc8 29. Bb5 Qa8 30. f6 Bxf6 31. Rxd6 a3 32. Bd7 Rcd8 33. b3 Be7 34.
R6d5 f6 35. R1d3 Rf7 36. Be6 Rxd5 37. Rxd5 Qc6 38. Qd3 g6 39. Rd7 Kf8 40. Bxf7
Kxf7 41. Qd5+ Qxd5 42. Rxd5 Ke6 43. c4 f5 44. exf5+ gxf5 45. Kg1 e4 46. Kf2 Bd6
47. h3 f4 48. Rh5 Bc5+ 49. Rxc5 1-0

[Event "XXXI Open Eporediese"]
[Site "Ivrea ITA"]
[Date "2014.01.30"]
[Round "1"]
[White "Bogatto, Mario"]
[Black "Catalfamo, Santo"]
[WhiteElo "1413"]
[BlackElo "1758"]
[Result "0-1"]
[PlyCount "69"]
[EventDate "2014.01.30"]

1. e4 b6 2. d4 Bb7 3. Bd3 Nf6 4. Nc3 e6 5. a3 c5 6. dxc5 Bxc5 7. Nf3 h6 8. O-O
O-O 9. b4 Be7 10. Bb2 d6 11. Qe2 e5 12. Rad1 a6 13. Bc4 Qc7 14. Nd5 Nxd5 15.
Bxd5 Nd7 16. c4 Nf6 17. Rc1 Qd7 18. Rfd1 Qc8 19. Qe3 Qc7 20. h3 Bxd5 21. cxd5
Qb7 22. Rc6 Rab8 23. Rdc1 Rfc8 24. Qc3 Rxc6 25. Qxc6 Nxe4 26. Qxb7 Rxb7 27. Rc6
a5 28. Nh4 Bxh4 29. g3 Be7 30. Kg2 Nf6 31. bxa5 bxa5 32. Bc3 Nxd5 33. Bxa5 Ra7
34. Bb4 Nxb4 35. axb4 0-1